000 00691nam a2200265Ia 4500
003 OSt
005 20221007104928.0
006 a|||||r|||| 00| 0
007 ta
008 221006b |||||||| |||| 00| 0 eng d
024 _a17,126
037 _cTextual
040 _aLCO
_cLCO
_beng
041 _2eng
_aeng
082 _aZ2,4y7, K9
100 _aGregory Charles O.
_9684205
245 0 _aCases and Materials on Torts
250 _a2nd
260 _aLondon
_bLittle Brown & Co. UK
_c1969
300 _a1351
650 _aTORTS
_9690967
700 _a Kalven Harry
942 _hZ2,4y7, K9
_cTEXL
999 _c1186689
_d1186689